| 000 | 00922nam a2200277 i 4500 | ||
|---|---|---|---|
| 001 | 000013885 | ||
| 003 | DO-SdBNP | ||
| 005 | 20250822104428.0 | ||
| 007 | ta | ||
| 008 | 091201s1993 dr 001 0 spa d | ||
| 040 |
_aDO-SdBNP _bspa _cBNPHU _erda |
||
| 041 | _asp | ||
| 082 |
_axxx _bM516c _222 |
||
| 100 | 1 |
_aMejía-Ricart G., Tirso, _d1936-2021 _eautor _4aut. _q(Mejía-Ricart Guzmán) _91569 |
|
| 245 | 1 | 0 |
_aConjura submarina parte II : _blos capítulos que se le olvidaron a Fidelio / _cTirso Mejía-Ricart. |
| 264 |
_aSanto Domingo : _bFundación Mejía Ricart-Guzmán Boom _bAlfa y Omega, _c1993. |
||
| 300 |
_a52 páginas ; _c21 cm. |
||
| 336 |
_ardacontent _btexto _2txt |
||
| 337 |
_ardamedia _bsin mediación _2n |
||
| 338 |
_ardacarrier _bvolumen _2nc |
||
| 490 | 1 |
_aEstudios históricos _v4 |
|
| 590 | _aInventariado, 2025/DG | ||
| 830 | 0 |
_aEstudios históricos _n4 _931457 |
|
| 910 | _aDG | ||
| 942 |
_2ddc _cLBS1 |
||
| 999 |
_c13491 _d13491 |
||